000 00798nam a2200241Ia 4500
003 OSt
005 20220925203413.0
006 a|||||r|||| 00| 0
007 ta
008 220923b |||||||| |||| 00| 0 eng d
020 _a9780822338475
_c1257.71
037 _bRKBA\ 09-10\ 4683, 12/07/2012, RAJKIRAN BOOK AGENCY
_cGeneral Book
040 _aRTL
_cRTL
_beng
041 _2eng
_aeng
082 _aX9(JB).74, P6
100 _aKOSEK Jake
_9265858
245 0 _aUnderstories
_b The political life of forests in Northern New Mexico
260 _aDurham
_bDuke University Press
_c2006
300 _axv, 380p
_ccm.
650 _aSociology
942 _hX9(JB).74, P6
_cGB
_2CC
999 _c546261
_d546261